Unique U.S. State Holidays - Statistics

General Stats
  • This quiz has been taken 65 times
  • The average score is 9 of 15
Answer Stats
Holiday Name Date State % Correct
Nevada Day Last Friday in October Nevada
92%
Mardi Gras Tuesday in February or March Louisiana
90%
West Virginia Day June 20 West Virginia
90%
Kamehameha Day June 11 Hawaii
85%
Truman Day May 8 Missouri
70%
Seward's Day Last Monday in March Alaska
69%
San Jacinto Day April 21 Texas
69%
Farmworkers Day March 31 California | Colorado | Minnesota | Texas | Utah | Washington
67%
Confederate Memorial Day Last Monday in April / May 10 Mississippi | South Carolina
67%
Patriots' Day 3rd Monday in April Maine | Massachusetts
62%
Bennington Battle Day August 16 Vermont
38%
Pioneer Day July 24 Utah
31%
Arbor Day Last Friday in April Nebraska
16%
Victory Day 2nd Monday in August Rhode Island
13%
Susan B. Anthony Day February 15 Florida
8%
No matching quizzes found
Score Distribution
Percent of People with Each Score
Percentile by Number Answered
Your Score History
You have not taken this quiz